|
|
|
|
| LEADER |
00000naa2a2200000 4500 |
| 001 |
445057 |
| 005 |
20241224170218.0 |
| 035 |
|
|
|a (RuTPU)RU\TPU\prd\106818
|
| 035 |
|
|
|a RU\TPU\tpu\7649
|
| 090 |
|
|
|a 445057
|
| 100 |
|
|
|a 20110415d1977 k||y0rusy50 ca
|
| 101 |
0 |
|
|a rus
|
| 102 |
|
|
|a RU
|
| 200 |
1 |
|
|a Диаграмма рекристализации аустенита стали Р12Ф4К5
|f И. О. Хазанов
|
| 461 |
|
|
|0 (RuTPU)RU\TPU\prd\248
|x 0026-0819
|t Металловедение и термическая обработка металлов
|o научно-технический и производственный журнал
|f Министерство станкостроительной и инструментальной промышленности СССР
|d 1955-
|
| 463 |
|
|
|0 (RuTPU)RU\TPU\prd\106817
|t № 12
|v с. 36-40
|d 1977
|
| 610 |
1 |
|
|a сталь Р12Ф4К5
|
| 610 |
1 |
|
|a диаграмма рекристализации
|
| 610 |
1 |
|
|a труды учёных ТПУ
|
| 700 |
|
1 |
|a Хазанов
|b И. О.
|
| 801 |
|
0 |
|a RU
|b 63413507
|c 20020118
|g PSBO
|
| 801 |
|
2 |
|a RU
|b 63413507
|c 20110415
|g PSBO
|
| 942 |
|
|
|c BK
|